000 00447nab a2200145Ia 4500
003 ES-SlBCS
005 20210601124226.0
008 140529s1979 xxu||||| |||| 00| 0 eng d
041 _aeng
100 1 _aStalker, Douglas F.
_9138121
245 0 0 _aWhat's happening in philosophy of art today?
_c Douglas F. Stalker
650 0 4 _aArte
_xFilosofía
_916169
773 0 _tDialectica
_gvol. 33, nº. 2, 1979, págs. 123-131
_wbise0000072577
942 _cAR
999 _c511319
_d511319